000 00453nam a2200181Ia 4500
008 090123s9999 xx 000 0 und d
082 _b983
100 _aफडके कमला
245 _aदरवळ
250 _a1
260 _bकुलकर्णी पं.अ.
300 _a159
600 _aफडके कमला
630 _aदरवळ
700 _aफडके कमला
730 _aदरवळ
942 _cBOOK
999 _c39068
_d39068